000 00421nam a2200169Ia 4500
001 24793
003 IN-NITTTR
005 20251114233316.0
008 251113s9999||||xx |||||||||||||| ||eng||
040 _beng
040 _cIN-NITTTR
041 _aeng
082 _a658.562 M22T
100 _aMcLaughlin, Gregory C.
245 0 _aTotal quality in research and development. /
_cMcLaughlin, Gregory C.
942 _2ddc
_cBK
999 _c27422
_d27422